| 000 | 01999nam a2200385 c 4500 | ||
|---|---|---|---|
| 003 | BLK | ||
| 005 | 20180422113853.0 | ||
| 008 | 180410b bul|||||r ||||||| ||bul|| | ||
| 010 | _aKNG00170059000 | ||
| 040 | _aBLK | ||
| 041 |
_aBUL _cBUL |
||
| 080 |
_aИкономическа наука. Основни понятия на икономическата теория. Стойност. Капитал. Фондове _b330.1 _x _z330.1 |
||
| 080 |
_aИкономическо положение. Икономическа политика. Управление. Планиране. Производство. Услуги. Цени _b338 _x _z338 |
||
| 100 | 1 |
_aНайденова, Пенка _eпърви автор _9381869 |
|
| 700 | 1 |
_aРайнова, Маргарита _eсъавт. _9335726 |
|
| 139 |
_aНайденова, Пенка и др. _bН 17 |
||
| 245 | 1 | 0 |
_aИзмерване на икономическия растеж и на неговите фактори _bИзследване _cПенка Найденова; съавт. Маргарита Райнова. |
| 257 | _aBGR | ||
| 260 |
_аСофия _bБАН _c1984 |
||
| 300 |
_a190 с. _bс табл., диагр. _c21 см |
||
| 380 | _a3 | ||
| 500 | _aИзд. на БАН. Икон. инст. - 600 тир. - Библиогр. с. 183-185. - Рез. на рус., англ. ез. | ||
| 650 | 4 |
_aИкономически закони - социализъм _9317865 |
|
| 650 | 4 |
_aСтопанство, социалистическо _9335727 |
|
| 650 | 4 |
_aИкономическа политика _9264207 |
|
| 650 | 4 |
_aИкономически растеж _9243193 |
|
| 653 | _aнародно стопанство | ||
| 653 | _aикономическа политика | ||
| 653 | _aикономически растеж | ||
| 852 | _aЦб 125672 | ||
| 856 | 4 |
_qpdf _u |
|
| 856 | 4 |
_qpdf _u |
|
| 942 |
_cKNG _n0 |
||
| 944 |
_aCR _c23.01.2015 _l23.01.2015 - от С1,Р / 23.01.2015 _kКина_Георгиева |
||
| 944 |
_aED _c23.01.2015 _l23.01.2015 - от С1,Р / 23.01.2015 _k |
||
| 999 |
_c162679 _d162679 |
||